00441nam a2200193Ia 4500003000900000008004100009040001300050040001300063041000800076100002200084245003800106250002200144260002100166260000900187300001100196300001000207490002400217490000600241IT-RoPAU120407s9999 xx 000 0 und d aIT-RoPAU cIT-RoPAU aita aJean-Marie Aubert aCompendio della morale cattolica. aCinisello Balsamo aEdizioni Paoline c1989 a446 p. c21 cm aI Compendi EP., 3 v1